Limca: Book Of Records-1993 (Record no. 1243861)

MARC details
000 -LEADER
fixed length control field 00519nam a2200193Ia 4500
008 - FIXED-LENGTH DATA ELEMENTS--GENERAL INFORMATION
fixed length control field 151121s9999||||xx |||||||||||||| ||und||
082 ## - DEWEY DECIMAL CLASSIFICATION NUMBER
Classification number 001/Gho
082 ## - DEWEY DECIMAL CLASSIFICATION NUMBER
Item number HNW-62322
100 ## - MAIN ENTRY--PERSONAL NAME
Personal name Ghosh Vijaya- Edi।
245 ## - TITLE STATEMENT
Title Limca: Book Of Records-1993
260 ## - PUBLICATION, DISTRIBUTION, ETC. (IMPRINT)
Name of publisher, distributor, etc "Bisleri Beverages Ltd।, Bombay।"
260 ## - PUBLICATION, DISTRIBUTION, ETC. (IMPRINT)
Date of publication, distribution, etc --
300 ## - PHYSICAL DESCRIPTION
Extent 296
600 ## - SUBJECT ADDED ENTRY--PERSONAL NAME
Personal name Ghosh Vijaya- Edi।
630 ## - SUBJECT ADDED ENTRY--UNIFORM TITLE
Uniform title Limca: Book Of Records-1993
700 ## - ADDED ENTRY--PERSONAL NAME
Personal name Ghosh Vijaya- Edi।
730 ## - ADDED ENTRY--UNIFORM TITLE
Uniform title Limca: Book Of Records-1993
942 ## - ADDED ENTRY ELEMENTS (KOHA)
Koha item type Book
Holdings
Withdrawn status Lost status Damaged status Not for loan Home library Current library Date acquired Total Checkouts Full call number Barcode Date last seen Price effective from Koha item type
        Hirachand Nemchand Wachanalaya, Solapur Hirachand Nemchand Wachanalaya, Solapur 11/21/2015   HNW-62322 HNW-62322 11/21/2015 11/21/2015 Book